Research Strategies in the Social Sciences: A Guide to New Approaches (Record no. 619638)

MARC details
000 -LEADER
fixed length control field 00475nam a22001577a 4500
008 - FIXED-LENGTH DATA ELEMENTS--GENERAL INFORMATION
fixed length control field 260418b |||||||| |||| 00| 0 eng d
020 ## - INTERNATIONAL STANDARD BOOK NUMBER
ISBN 9780198292371
Paper back/Hardbound pbk
082 ## - DEWEY DECIMAL CLASSIFICATION NUMBER
Classification number 300.72
Item number SCA
100 ## - MAIN ENTRY--AUTHOR NAME
Personal name Scarbrough, Elinor
245 ## - TITLE STATEMENT
Title Research Strategies in the Social Sciences: A Guide to New Approaches
Sub Title A Guide to New Approaches
260 ## - PUBLICATION, DISTRIBUTION, ETC. (IMPRINT)
Place of publication America
Name of publisher OUP Oxford
Year of publication ‎ 30 July 1998
300 ## - PHYSICAL DESCRIPTION
Number of Pages xiv 316 p.
504 ## - BIBLIOGRAPHY, ETC. NOTE
Bibliography, etc Includes index
942 ## - ADDED ENTRY ELEMENTS (KOHA)
Koha item type Reference
Holdings
Withdrawn status Lost status Damaged status Not for loan Home library Current library Shelving location Date acquired Full call number Accession Number Price effective from Koha item type
        Anna Centenary Library Anna Centenary Library 3RD FLOOR, B WING 13.08.2010 300.72 SCA 140531 18.04.2026 Reference

Find us on the map